Garuda Indonesia Fleet - Statistics

General Stats
  • This quiz has been taken 17 times
  • The average score is 4 of 7
Answer Stats
Hint Answer % Correct
Airbus A330-200
87%
Airbus A330-300
87%
Boeing 737-800
80%
Boeing 777-300ER
80%
Airbus A330-900neo
60%
Boeing 737-800BCF
20%
Airbus A330-900F
20%
No matching quizzes found
Score Distribution
Percent of People with Each Score
Percentile by Number Answered
Your Score History
You have not taken this quiz